000 00687nam a2200205Ia 4500
005 20250508165419.0
008 008 250505s9999 xx 000 0 eng d
037 _aReference
040 _aFEDL
_beng
_cFEDL
041 _aeng
_2eng
084 _a375, NCE/RR
_qFEDL
245 0 _aRashtriya patthyacharya ki ruprekha 2005: Samajik vigyan ka shikshan, 1.5: Rashtriya focus samuh ka adhar patra
245 0 _cNCERT (New Delhi India)
260 _aNew Delhi, India
_bNational Council of Educational Research and Training
_c2007
300 _a12p.
365 _aINR
_b150
546 _aGifted by Pallavi Seth
942 _cREF
_h375, NCE/RR
999 _c1394982
_d1394982